000 nam a22 7a 4500
999 _c7976
_d7976
008 171120b xxu||||| |||| 00| 0 eng d
020 _a9780276424243
100 _aReaders Digest
_92541
245 _aVegitables for Vitality
260 _aLondon
_bReaders Digest Association
_c2000